Antennas (Record no. 84261)
[ view plain ]
| 000 -LEADER | |
|---|---|
| fixed length control field | 00652nam a2200157 a 4500 |
| 008 - FIXED-LENGTH DATA ELEMENTS--GENERAL INFORMATION | |
| fixed length control field | 120416s1972 ||||||||||||||||| || u |
| 020 ## - INTERNATIONAL STANDARD BOOK NUMBER | |
| International Standard Book Number | 0713132795 |
| 050 ## - LIBRARY OF CONGRESS CALL NUMBER | |
| Classification number | TK 7871.6 Con |
| 100 ## - MAIN ENTRY--PERSONAL NAME | |
| Personal name | Connor, Frank Robert |
| 245 10 - TITLE STATEMENT | |
| Title | Antennas |
| 260 ## - PUBLICATION, DISTRIBUTION, ETC. | |
| Place of publication, distribution, etc. | London |
| Name of publisher, distributor, etc. | Edward Arnold |
| Date of publication, distribution, etc. | 1972 (1984) |
| 300 ## - PHYSICAL DESCRIPTION | |
| Extent | 99p. : ill |
| 350 ## - | |
| -- | 0.00 |
| 995 ## - | |
| -- | ANNEX COLLECTION (Main Library) |
| -- | 0.00 |
| -- | 711768 |
| -- | CBU-MAIN LIBRARY (Kitwe) |
| -- | 1 |
| -- | 4.95 |
| -- | TK 7871.6 Con |
| -- | 2 |
| -- | AVAILABLE |
| -- | 017308 |
| -- | Annex Low-Usage Collection |
| 995 ## - | |
| -- | ANNEX COLLECTION (Main Library) |
| -- | 0.00 |
| -- | 711767 |
| -- | CBU-MAIN LIBRARY (Kitwe) |
| -- | 4 |
| -- | 4.95 |
| -- | TK 7871.6 Con |
| -- | 1 |
| -- | AVAILABLE |
| -- | 017307 |
| -- | Annex Low-Usage Collection |
| 999 ## - | |
| -- | 84261 |
| -- | 84261 |
| Withdrawn status | Lost status | Source of classification or shelving scheme | Damaged status | Not for loan | Permanent Location | Current Location | Shelving location | Date acquired | Total Checkouts | Full call number | Barcode | Date last seen | Copy number | Price effective from | Koha item type |
|---|---|---|---|---|---|---|---|---|---|---|---|---|---|---|---|
| CBU-MAIN LIBRARY, KITWE. | CBU-MAIN LIBRARY, KITWE. | 01/25/2024 | TK 7871.6 Con | 017308 | 01/25/2024 | 1 | 01/25/2024 | MONOGRAPH | |||||||
| CBU-MAIN LIBRARY, KITWE. | CBU-MAIN LIBRARY, KITWE. | 01/25/2024 | TK 7871.6 Con | 017307 | 01/25/2024 | 2 | 01/25/2024 | MONOGRAPH |